000 00810pam a2200253 a 4500
999 _c4697
_d4697
003 OSt
005 20220327084231.0
008 950119s1995 nyua 001 0 eng c
020 _a0673991903
040 _cDLC
050 0 0 _aQM557
_b.S896 1995
060 0 0 _aQS 517 S915c 1995
100 1 _aStrete, Dennis.
245 1 2 _aA color atlas of histology /
_cDennis Strete.
250 _a1st ed.
260 _aNew York, NY :
_bHarperCollins College Publishers,
_cc1995.
300 _aix, 294 p. :
_bcol. ill. :
_c27 cm.
500 _aIncludes index.
650 0 _aHistology
_xAtlases.
650 1 2 _aHistology
_xatlases.
906 _a7
_bcbc
_corignew
_d1
_eocip
_f19
_gy-gencatlg
942 _2lcc
_cBK
_nMM